000 00433nam a2200121Ia 4500
008 200922s9999 xx 000 0 und d
020 _a978-621-409-107-2
100 _aDe Viana, Augusto V.
245 _cAugusto V. De Viana, Ma. Venice M. Picadizo
_aPahiwatig:
_ba guide for understanding readings in Philippine history/
260 _aManila:
_bBooks Atbp. Publishing
_c2018
300 _axii, 359 pages
_c25 cm.
650 _aPhilippines
999 _c364420
_d364420